000 00363nam a2200133Ia 4500
005 20260326100047.0
008 260326s9999||||xx |||||||||||||| ||und||
100 _aBorissavlievitch, Miloutine
245 0 _aLas TeorĂ­as de la Arquitectura /
_cMiloutine Borissavlievitch
260 _bEl Ateneo
300 _a317 p.
650 _aARQUITECTURA-GENERAL
942 _cBK
999 _c7253
_d7253